• 首页
  • 本馆介绍
  • 公告通知
  • 最新文献
  • 馆藏检索
  • 电子资源
  • 读者导购
  • 参考咨询
  • 我的图书馆
  • 登录
  • 详细信息显示
  • 放入我的书架
  • 预约/预借图书
  • 作者相关作品
  • 分类相关作品
  • 丛书相关作品
  • 出版社相关作品

书目信息

  • 表格格式
  • 工作单格式
  • 卡片格式
题名:
西瓜栽培新技术
    
 
作者: 贾文海 主编
分册:  
出版信息: 北京   金盾出版社  2010
页数: 352页
开本: 21cm
丛书名:
单 册:
中图分类: S651
科图分类:
主题词: 西瓜--栽培技术 , 西瓜
电子资源:
ISBN: 978-7-5082-6473-8
000 00830nam0 2200241 45
001 1130724390
005 20110310090252.40
010    @a978-7-5082-6473-8@dCNY20.00
100    @a20110121d2010 ekmy0chiy0120 ea
101 0  @achi
102    @aCN@b110000
105    @aa z 000yy
106    @ar
200 1  @a西瓜栽培新技术@AXi Gua Zai Pei Xin Ji Shu@f贾文海主编@FJia Wen Hai Zhu Bian
210    @a北京@c金盾出版社@d2010
215    @a352页@c图@d21cm
330    @a本书内容包括西瓜栽培基础知识、品种选择及种子检验,西瓜常规栽培、棚室栽培、特殊栽培和无籽西瓜栽培技术,西瓜的间种套作,西瓜种植专家经验介绍、西瓜病虫草害防治及西瓜的收获与贮藏等10章。
606 0  @a西瓜@x栽培技术
606 0  @a西瓜
690    @aS651@v4
701  0 @a贾文海@AJia Wen Hai@4主编
801  0 @aCN@bTANGWEI@c20110310
905    @b0531733-37@dS651@e219@f5
    
    西瓜栽培新技术/贾文海主编.-北京:金盾出版社,2010
    352页:图;21cm
    
    
    ISBN 978-7-5082-6473-8:CNY20.00
    本书内容包括西瓜栽培基础知识、品种选择及种子检验,西瓜常规栽培、棚室栽培、特殊栽培和无籽西瓜栽培技术,西瓜的间种套作,西瓜种植专家经验介绍、西瓜病虫草害防治及西瓜的收获与贮藏等10章。
●
相关链接 在E读中查询图书 在五车中查询图书 在当当中查询图书 在豆瓣中查询图书


正题名:西瓜栽培新技术     索取号:S651/219         预约/预借

序号 登录号 条形码 馆藏地/架位号 状态 备注
1 0531733   205317334   第二样本阅览室/ [索取号:S651/219] 在馆    
2 0531734   205317343   第三借阅区/ [索取号:S651/219] 在馆    
3 0531735   205317352   第三借阅区/ [索取号:S651/219] 在馆    
4 0531736   205317361   密集书库-生命科学系/ [索取号:S651/219] 在馆    
5 0531737   205317370   第三借阅区/ [索取号:S651/219] 在馆    
唐山师范学院图书馆 欢迎您!
大连网信软件有限公司© 版权所有